10 Najgorszych Reprezentacji Według Rankingu FIFA - Statystyki

Ogólne statystyki
  • Ten quiz został rozwiązany 238 razy
    17 od ostatniego zresetowania
  • Średni wynik to 2 z 10
Statystyki odpowiedzi
Miejsce w Rankingu Reprezentacja % Poprawnych
210 San Marino
100%
204 Liechtenstein
63%
201 Seszele
13%
209 Anguilla
6%
205 Bahamy
6%
202 Somalia
6%
207 Brytyjskie Wyspy Dziewicze
0%
203 Guam
0%
206 Turks i Caicos
0%
208 Wyspy Dziewicze Stanów Zjednoczonych
0%
Nie znaleziono quizów pasujących do podanych kryteriów
Rozkład punktacji
Procent ludzi z każdym wynikiem
Percentyl według liczby udzielonych odpowiedzi
Twoja historia wyników
Nie rozwiązałeś tego quizu od ostatniego zresetowania